BMI highlights cleaning bill for elderly (Record no. 71473)
[ view plain ]
| 000 -LEADER | |
|---|---|
| fixed length control field | 00829cam a2200205 4500 |
| 001 - CONTROL NUMBER | |
| control field | WB3840-04 |
| 008 - FIXED-LENGTH DATA ELEMENTS--GENERAL INFORMATION | |
| fixed length control field | 021029n2002 000 0 eng u |
| 035 ## - SYSTEM CONTROL NUMBER | |
| System control number | (Sirsi) u120298 |
| 245 ## - TITLE STATEMENT | |
| Title | BMI highlights cleaning bill for elderly |
| 260 ## - PUBLICATION, DISTRIBUTION, ETC. | |
| Date of publication, distribution, etc. | 2002 |
| 490 ## - SERIES STATEMENT | |
| Series statement | BMI Press Release |
| Volume/sequential designation | October 2002, (2) |
| 520 ## - SUMMARY, ETC. | |
| Summary, etc. | The latest BMI report, "Occupancy costs of communal residential premises", reveals that building owners could be paying running costs for nursing homes and halls of residence of up to £9000 per 100 square metres of space and of this, one third is taken up by cleaning bills. |
| 590 ## - LOCAL NOTE (RLIN) | |
| Local note | WB |
| 650 ## - SUBJECT ADDED ENTRY--TOPICAL TERM | |
| Topical term or geographic name entry element | FACILITIES MANAGEMENT |
| 9 (RLIN) | 6240 |
| 650 ## - SUBJECT ADDED ENTRY--TOPICAL TERM | |
| Topical term or geographic name entry element | NURSING HOMES |
| 650 ## - SUBJECT ADDED ENTRY--TOPICAL TERM | |
| Topical term or geographic name entry element | HALLS OF RESIDENCE |
| 650 ## - SUBJECT ADDED ENTRY--TOPICAL TERM | |
| Topical term or geographic name entry element | CLEANING COSTS |
| 690 ## - LOCAL SUBJECT ADDED ENTRY--TOPICAL TERM (OCLC, RLIN) | |
| Topical term or geographic name as entry element | BUILDING AND CONSTRUCTION-REPAIRS AND MAINTENANCE |
| 942 ## - ADDED ENTRY ELEMENTS (KOHA) | |
| Suppress in OPAC | 0 |
| Withdrawn status | Lost status | Source of classification or shelving scheme | Damaged status | Not for loan | Home library | Current library | Shelving location | Date acquired | Total Checkouts | Full call number | Barcode | Date last seen | Copy number | Price effective from | Koha item type |
|---|---|---|---|---|---|---|---|---|---|---|---|---|---|---|---|
| Dewey Decimal Classification | London | London | News article | 29/10/2002 | WB3840-04 | 120298-1001 | 06/08/2019 | 1 | 06/08/2019 | News article |